000 00338nam a2200133Ia 4500
008 260604s9999 xx 000 0 und d
020 _a9781250124364
082 _a823.92 MCL
100 _aHenry Holt & Company Inc
_935328
245 0 _aKey of Skeleton Peak: Legends Of The Lost Causes
260 _bSHREE
500 _aPeak
942 _cBK
999 _c8107
_d8107